Second Most Common Religion by US State (with Colored Map) - Statistics

General Stats
  • This quiz has been taken 4,040 times
  • The average score is 44 of 50
Answers on the Map
Answers color-coded by a green-red scale on the quiz's map according to % correct below.
 
Answer Stats
Religion State % Correct
Islam Alabama
99%
Islam Arkansas
99%
Islam Florida
99%
Islam Georgia
99%
Islam Illinois
99%
Islam Indiana
99%
Islam Iowa
99%
Islam Kentucky
99%
Islam Louisiana
99%
Islam Michigan
99%
Islam Mississippi
99%
Islam Nebraska
99%
Islam North Carolina
99%
Islam North Dakota
99%
Islam South Dakota
99%
Islam Texas
99%
Islam Virginia
99%
Islam West Virginia
99%
Islam Wisconsin
99%
Buddhism Alaska
89%
Buddhism California
89%
Buddhism Colorado
89%
Buddhism Hawaii
89%
Buddhism Idaho
89%
Buddhism Kansas
89%
Buddhism Montana
89%
Buddhism Nevada
89%
Buddhism New Mexico
89%
Buddhism Oklahoma
89%
Buddhism Oregon
89%
Buddhism Utah
89%
Buddhism Washington
89%
Buddhism Wyoming
89%
Hinduism Arizona
87%
Hinduism Delaware
87%
Judaism Connecticut
75%
Judaism Maine
75%
Judaism Maryland
75%
Judaism Massachusetts
75%
Judaism Minnesota
75%
Judaism Missouri
75%
Judaism New Hampshire
75%
Judaism New Jersey
75%
Judaism New York
75%
Judaism Ohio
75%
Judaism Pennsylvania
75%
Judaism Rhode Island
75%
Judaism Tennessee
75%
Judaism Vermont
75%
Baha'i South Carolina
26%
No matching quizzes found
Score Distribution
Percent of People with Each Score
Percentile by Number Answered
Your Score History
You have not taken this quiz